Engineering Mechanics Statics (Record no. 5919)

MARC details
000 -LEADER
fixed length control field 00597nam a22002297a 4500
003 - CONTROL NUMBER IDENTIFIER
control field OSt
005 - DATE AND TIME OF LATEST TRANSACTION
control field 20250909020003.0
008 - FIXED-LENGTH DATA ELEMENTS--GENERAL INFORMATION
fixed length control field 171213b xxu||||| |||| 00| 0 eng d
020 ## - INTERNATIONAL STANDARD BOOK NUMBER
International Standard Book Number 1292089237
020 ## - INTERNATIONAL STANDARD BOOK NUMBER
International Standard Book Number 9781292089232
040 ## - CATALOGING SOURCE
Transcribing agency DDC
082 ## - DEWEY DECIMAL CLASSIFICATION NUMBER
Classification number 621.1 HIB 2017
100 ## - MAIN ENTRY--PERSONAL NAME
Personal name Hibbeler, R.C.
9 (RLIN) 12293
245 ## - TITLE STATEMENT
Title Engineering Mechanics Statics
250 ## - EDITION STATEMENT
Edition statement 14th ed.
260 ## - PUBLICATION, DISTRIBUTION, ETC. (IMPRINT)
Place of publication, distribution, etc. Hoboken; Pearson, 2017
300 ## - PHYSICAL DESCRIPTION
Extent xxv,684p; col.ill: 24cm
504 ## - BIBLIOGRAPHY, ETC. NOTE
Bibliography, etc Answers, & index included
650 ## - SUBJECT ADDED ENTRY--TOPICAL TERM
Topical term or geographic name as entry element Engineering Mechanics
9 (RLIN) 12294
650 ## - SUBJECT ADDED ENTRY--TOPICAL TERM
Topical term or geographic name as entry element Statics
9 (RLIN) 12295
942 ## - ADDED ENTRY ELEMENTS (KOHA)
Source of classification or shelving scheme Dewey Decimal Classification
Koha item type Open Shelf
Koha issues (borrowed), all copies 1
Holdings
Withdrawn status Lost status Source of classification or shelving scheme Damaged status Not for loan Home library Current library Date acquired Source of acquisition Inventory number Total Checkouts Full call number Barcode Date last seen Koha item type Date last checked out Price effective from
    Dewey Decimal Classification     MUST Main Library MUST Main Library 13/12/2017   17/40257   621.1 HIB 2017 2017-0980 13/12/2017 Open Shelf    
    Dewey Decimal Classification     MUST Main Library MUST Main Library 02/12/2019 Purchase 2019/41018 1 621.1 HIB 2017 2019-0651 16/09/2025 Open Shelf 08/09/2025 02/12/2019
    Dewey Decimal Classification     MUST Main Library MUST Main Library 02/12/2019 Purchase 2019/41017   621.1 HIB 2017 2019-0652 02/12/2019 Open Shelf   02/12/2019
    Dewey Decimal Classification     MUST Main Library MUST Main Library 02/12/2019 Purchase 2019/41016   621.1 HIB 2017 2019-0653 02/12/2019 Open Shelf   02/12/2019